| 000 | 00833cam a2200253 i 4500 | ||
|---|---|---|---|
| 999 |
_c200454514 _d72726 |
||
| 003 | TR-AnTOB | ||
| 005 | 20230927131838.0 | ||
| 007 | ta | ||
| 008 | 230927n tu o 000 0 tur d | ||
| 040 |
_aTR-AnTOB _beng _erda _cTR-AnTOB |
||
| 041 | 0 | _atur | |
| 060 |
_aWS 321 _bC668 |
||
| 096 |
_aWS321 _bC668 |
||
| 245 | 0 | 0 |
_aÇocuklarda ürolojik problemler : _banne ve babalar için başvuru kitabı / _ceditör: Dr. Erim Erdem. |
| 264 | 1 |
_a[Place of publication not identified] : _bTürk Çocuk Ürolojisi Derneği, _c[date of publication not identified] |
|
| 300 |
_a72 pages : _bphotographs ; _c26 cm |
||
| 336 |
_atext _btxt _2rdacontent |
||
| 337 |
_aunmediated _bn _2rdamedia |
||
| 338 |
_avolume _bnc _2rdacarrier |
||
| 504 | _aBIB | ||
| 700 | 1 |
_aErdem, Erim _eeditor _9143738 |
|
| 942 |
_2NLM _cBK |
||